|
|
|
|
| LEADER |
02930nam a2200697 i 4500 |
| 001 |
nkc20243591558 |
| 003 |
CZ PrNK |
| 005 |
20240716124358.0 |
| 007 |
ta |
| 008 |
240301s2023 xr fh f 000 0 cze |
| 015 |
|
|
|a cnb003591558
|
| 020 |
|
|
|a 978-80-7422-939-8
|q (NLN ;
|q brožováno)
|
| 035 |
|
|
|a (OCoLC)1429250616
|
| 040 |
|
|
|a ABA001
|b cze
|e rda
|
| 041 |
0 |
|
|a cze
|a sla
|b eng
|
| 043 |
|
|
|a e-xr---
|
| 072 |
|
7 |
|a 811.163
|x Jihoslovanské jazyky
|2 Konspekt
|9 11
|
| 080 |
|
|
|a 811.163.1
|2 MRF
|
| 080 |
|
|
|a 81'373.6
|2 MRF
|
| 080 |
|
|
|a 81'374
|2 MRF
|
| 080 |
|
|
|a (437.3)
|2 MRF
|
| 080 |
|
|
|a (048.8:082)
|2 MRF
|
| 100 |
1 |
|
|a Bičan, Aleš,
|d 1981-
|7 mzk2010553449
|4 aut
|
| 245 |
1 |
0 |
|a Etymologický slovník jazyka staroslověnského: tradice, kontexty, inspirace /
|c Aleš Bičan, Harald Bichlmeier, Václav Blažek, Vít Boček, František Čajka, Ilona Janyšková, Helena Karlíková, Jiří Rejzek, Miroslav Vepřek, Bohumil Vykypěl, Taťána Vykypělová
|
| 264 |
|
1 |
|a Praha :
|b NLN,
|c 2023
|
| 300 |
|
|
|a 156 stran, 7 stran obrazových příloh :
|b faksimile ;
|c 24 cm
|
| 336 |
|
|
|a text
|b txt
|2 rdacontent
|
| 337 |
|
|
|a bez média
|b n
|2 rdamedia
|
| 338 |
|
|
|a svazek
|b nc
|2 rdacarrier
|
| 490 |
1 |
|
|a Studia etymologica Brunensia ;
|v 30
|
| 504 |
|
|
|a Obsahuje bibliografii a bibliografické odkazy
|
| 546 |
|
|
|a Anglické resumé
|
| 550 |
|
|
|a Vydavatel: Etymologické oddělení Ústavu pro jazyk český AV ČR
|
| 650 |
0 |
7 |
|a staroslověnština
|7 ph126024
|2 czenas
|
| 650 |
0 |
7 |
|a etymologie
|7 ph135251
|2 czenas
|
| 650 |
0 |
7 |
|a jazykové slovníky
|7 ph121326
|2 czenas
|
| 650 |
0 |
7 |
|a lexikografie
|7 ph122284
|z Česko
|2 czenas
|
| 650 |
0 |
9 |
|a Church Slavic language
|2 eczenas
|
| 650 |
0 |
9 |
|a etymology
|2 eczenas
|
| 650 |
0 |
9 |
|a language dictionaries
|2 eczenas
|
| 650 |
0 |
9 |
|a lexicography
|z Czechia
|2 eczenas
|
| 655 |
|
7 |
|a kolektivní monografie
|7 fd501537
|2 czenas
|
| 655 |
|
9 |
|a collective monographs
|2 eczenas
|
| 700 |
1 |
|
|a Bichlmeier, Harald,
|d 1969-
|7 mub2013746064
|4 aut
|
| 700 |
1 |
|
|a Blažek, Václav,
|d 1959-
|7 mzk2002113224
|4 aut
|
| 700 |
1 |
|
|a Boček, Vít,
|d 1980-
|7 xx0091757
|4 aut
|4 edt
|
| 700 |
1 |
|
|a Čajka, František,
|d 1976-
|7 mzk2007408216
|4 aut
|
| 700 |
1 |
|
|a Janyšková, Ilona,
|d 1954-
|7 mzk2006353927
|4 aut
|
| 700 |
1 |
|
|a Karlíková, Helena,
|d 1957-
|7 mzk2007382219
|4 aut
|
| 700 |
1 |
|
|a Rejzek, Jiří,
|d 1964-
|7 mzk2004243743
|4 aut
|
| 700 |
1 |
|
|a Vepřek, Miroslav,
|d 1978-
|7 mzk2005286704
|4 aut
|
| 700 |
1 |
|
|a Vykypěl, Bohumil,
|d 1973-
|7 mzk2005279393
|4 aut
|
| 700 |
1 |
|
|a Vykypělová, Taťána,
|d 1973-
|7 mzk2013766726
|4 aut
|
| 710 |
2 |
|
|a Ústav pro jazyk český (Akademie věd ČR).
|b Etymologické oddělení
|7 mzk2008451503
|4 isb
|
| 830 |
|
0 |
|a Studia etymologica Brunensia
|0 s
|
| 910 |
2 |
|
|a BOA001
|b 2-1522.637
|
| 928 |
9 |
|
|a Nakladatelství Lidové noviny
|
| 990 |
|
|
|a BK
|
| 995 |
|
|
|a 01
|
| 991 |
|
|
|b 202404
|c NOV
|
| 996 |
6 |
|
|b 2610965605
|c 2-1522.637
|l MZK
|r Sklad / do 1 hodiny
|n 1
|p p.v.
|w 001959027
|u 000010
|a 1
|e BOA001
|j MZK50
|s P
|